Eastern Utah Libraries Catalog: Duchesne, Heber, Roosevelt, & Vernal

Skiing / (Record no. 144334)

MARC details
000 -LEADER
fixed length control field 01555pam a2200373 a 4500
008 - FIXED-LENGTH DATA ELEMENTS--GENERAL INFORMATION
fixed length control field 030117t20042003paua c 001 0 eng
010 ## - LIBRARY OF CONGRESS CONTROL NUMBER
LC control number 2003001183
020 ## - INTERNATIONAL STANDARD BOOK NUMBER
International Standard Book Number 0791075370
040 ## - CATALOGING SOURCE
Original cataloging agency DLC
Transcribing agency DLC
Modifying agency ICrlF
042 ## - AUTHENTICATION CODE
Authentication code pcc
-- lcac
050 00 - LIBRARY OF CONGRESS CALL NUMBER
Classification number GV854.315
Item number .H47 2004
082 00 - DEWEY DECIMAL CLASSIFICATION NUMBER
Classification number 796.93
Edition number 22
035 ## - SYSTEM CONTROL NUMBER
System control number (IMchF)fol08822571
005 - DATE AND TIME OF LATEST TRANSACTION
control field 20241220145323.0
001 - CONTROL NUMBER
control field 89423
003 - CONTROL NUMBER IDENTIFIER
control field DCL
100 1# - MAIN ENTRY--PERSONAL NAME
Personal name Herran, Joe.
9 (RLIN) 6305040
245 10 - TITLE STATEMENT
Title Skiing /
Statement of responsibility, etc Joe Herran and Ron Thomas.
260 ## - PUBLICATION, DISTRIBUTION, ETC. (IMPRINT)
Place of publication, distribution, etc Philadelphia :
Name of publisher, distributor, etc Chelsea House,
Date of publication, distribution, etc 2004, c2003.
300 ## - PHYSICAL DESCRIPTION
Extent 32 p. :
Other physical details ill. (mostly col.) ;
Dimensions 29 cm.
490 1# - SERIES STATEMENT
Series statement Action sports
500 ## - GENERAL NOTE
General note First published: South Yarra, Australia : Macmillan Education Australia, 2003.
500 ## - GENERAL NOTE
General note Includes index.
520 ## - SUMMARY, ETC.
Summary, etc Surveys the history, equipment, techniques, and safety aspects of skiing, including snowplowing, sideslipping, and competing, and includes short biographies of top skiers and a time line.
505 0# - FORMATTED CONTENTS NOTE
Formatted contents note Introduction -- What is skiing? -- Skiing gear -- Skiing safely -- Skills and techniques -- The ski resort -- In competition -- Skiing champions -- Then and now -- Related action sports -- Glossary -- Index.
521 0# - TARGET AUDIENCE NOTE
Target audience note 5.8
Source Follett Library Resources
521 2# - TARGET AUDIENCE NOTE
Target audience note 5-8
Source Follett Library Resources
650 #0 - SUBJECT ADDED ENTRY--TOPICAL TERM
Topical term or geographic name as entry element Skis and skiing
Form subdivision Juvenile literature.
9 (RLIN) 6522551
650 #1 - SUBJECT ADDED ENTRY--TOPICAL TERM
Topical term or geographic name as entry element Skis and skiing.
9 (RLIN) 6305042
650 #7 - SUBJECT ADDED ENTRY--TOPICAL TERM
Topical term or geographic name as entry element Skiing.
Source of heading or term sears
9 (RLIN) 6305043
700 1# - ADDED ENTRY--PERSONAL NAME
Personal name Thomas, Ron,
Dates associated with a name 1947-
9 (RLIN) 6305044
830 #0 - SERIES ADDED ENTRY--UNIFORM TITLE
Uniform title Action sports (Chelsea House Publishers)
9 (RLIN) 6305045
942 ## - ADDED ENTRY ELEMENTS (KOHA)
Koha item type UNKNOWN
Holdings
Withdrawn status Lost status Source of classification or shelving scheme Damaged status Not for loan Collection code Home library Current library Shelving location Date acquired Cost, normal purchase price Total Checkouts Total Renewals Full call number Barcode Date last seen Date checked out Cost, replacement price Price effective from Koha item type
    Dewey Decimal Classification     Junior NonFiction Wasatch County Library Wasatch County Library Second Floor 11/18/2009 12.00 13 1 J 796.93 Her 34301000879207 03/03/2026 01/28/2026 12.00 03/20/2020 BOOK
This project was made possible through a grant from the Institute of Museum and Library Service administered by the Utah State Library Division.

Wasatch County Library

  • 465 East 1200 South, Heber City, Utah 84032
  • Phone 435-654-1511 | Fax 435-654-6456

Hours

  • Monday - Friday 9:30 AM - 8:00 PM
  • Saturday 9:30 AM - 1:30 PM
  • Closed Sundays and Holidays